LDR 01146naa#a2200229#i#450# 001 RU\\bibl\119737 005 20260418134705.6 011 ## _a0235-2524 100 ## _a20260407b2026####ek#y0rusy0150####ca 102 ## _aRU 200 1# _aОпыт орошения сахарной свеклы на территории Республики Беларусь _eЖурнальная статья 210 1# _aМосква _cАНО «Редакция журнала «Мелиорация и водное хозяйство» _d2026 215 ## _a6 с. 606 ## _aСельское хозяйство. 35.06.01 _2local 608 ## _aЖурнальная статья _2local 675 ## _aСпособы орошения (полив). 631.674 _aНормы и сроки орошения. 631.675 _z 686 ## _aОбщее растениеводство. 41 _2bbk 686 ## _aРастениеводство. 561 _2tbk 686 ## _aСельскохозяйственная мелиорация. 68.31 _2grnti 700 #1 _aЖелязко _gВладимир Иосифович 700 #1 _aНабздоров _gСергей Васильевич 856 4# _amivh.editorum.ru _u